<?xml version="1.0" encoding="UTF-8"?>
<record
    xmlns:xsi="http://www.w3.org/2001/XMLSchema-instance"
    xsi:schemaLocation="http://www.loc.gov/MARC21/slim http://www.loc.gov/standards/marcxml/schema/MARC21slim.xsd"
    xmlns="http://www.loc.gov/MARC21/slim">

  <leader>00401nam a22001577a 4500</leader>
  <controlfield tag="005">20250109083501.0</controlfield>
  <controlfield tag="008">150423b        xxu||||| |||| 00| 0 eng d</controlfield>
  <datafield tag="040" ind1=" " ind2=" ">
    <subfield code="c">PK-LaUMT</subfield>
  </datafield>
  <datafield tag="082" ind1=" " ind2=" ">
    <subfield code="a">954.035</subfield>
    <subfield code="b">LAL-S</subfield>
  </datafield>
  <datafield tag="100" ind1=" " ind2=" ">
    <subfield code="a">Lal Bahadur</subfield>
    <subfield code="9">4090</subfield>
  </datafield>
  <datafield tag="245" ind1=" " ind2=" ">
    <subfield code="a">Struggle for Pakistan /</subfield>
    <subfield code="c">by Lal Bahadur</subfield>
  </datafield>
  <datafield tag="260" ind1=" " ind2=" ">
    <subfield code="a">New Delhi :</subfield>
    <subfield code="b">Sterling Publishers,</subfield>
    <subfield code="c">1988</subfield>
  </datafield>
  <datafield tag="300" ind1=" " ind2=" ">
    <subfield code="a">341 p.</subfield>
  </datafield>
  <datafield tag="546" ind1=" " ind2=" ">
    <subfield code="a">Eng</subfield>
  </datafield>
  <datafield tag="942" ind1=" " ind2=" ">
    <subfield code="c">BK</subfield>
  </datafield>
  <datafield tag="999" ind1=" " ind2=" ">
    <subfield code="c">70322</subfield>
    <subfield code="d">70322</subfield>
  </datafield>
  <datafield tag="952" ind1=" " ind2=" ">
    <subfield code="0">0</subfield>
    <subfield code="1">0</subfield>
    <subfield code="4">0</subfield>
    <subfield code="7">0</subfield>
    <subfield code="a">01</subfield>
    <subfield code="b">01</subfield>
    <subfield code="d">2015-04-23</subfield>
    <subfield code="l">0</subfield>
    <subfield code="o">KHC 954.035 LAL-S</subfield>
    <subfield code="p">73678</subfield>
    <subfield code="r">2015-04-23 00:00:00</subfield>
    <subfield code="w">2015-04-23</subfield>
    <subfield code="y">BK</subfield>
  </datafield>
  <datafield tag="952" ind1=" " ind2=" ">
    <subfield code="0">0</subfield>
    <subfield code="1">0</subfield>
    <subfield code="4">0</subfield>
    <subfield code="7">0</subfield>
    <subfield code="a">01</subfield>
    <subfield code="b">01</subfield>
    <subfield code="d">2025-01-09</subfield>
    <subfield code="l">1</subfield>
    <subfield code="o">954.035 LAL-S</subfield>
    <subfield code="p">148419</subfield>
    <subfield code="r">2026-04-01 10:07:18</subfield>
    <subfield code="s">2026-03-10</subfield>
    <subfield code="t">C.2</subfield>
    <subfield code="w">2025-01-09</subfield>
    <subfield code="y">BK</subfield>
  </datafield>
</record>
